| 000 | 01266cam a2200253 4500 | ||
|---|---|---|---|
| 001 | ABS63639 | ||
| 008 | 000000n2001 000 0 eng u | ||
| 035 | _a(Sirsi) u111726 | ||
| 100 | _aGolden, A. | ||
| 245 | _aRead the small print | ||
| 260 | _c2001 | ||
| 490 |
_aEstates Gazette _v(0112) 24 March 2001, 158-159(2) |
||
| 520 | _a A "mainly for students" article that looks at the Unfair Terms in Consumer Contracts Regulations 1999. More widely known as the 1999 "small print" Regulations, these apply to consumer contracts, not employment or business-to-business contracts. The Regulations aim to prevent consumers being bound by a standard term in a contract if that term is unfair. Discusses: the scope of the regulations; unfair terms; who can take action and what type of action; what is covered; contracts relating to land. Diagram. | ||
| 590 | _aABS | ||
| 650 | _aCONSUMER PROTECTION | ||
| 650 | _aUNFAIR TERMS IN CONSUMER CONTRACTS REGULATIONS 1999 | ||
| 650 | _aCONSUMER CONTRACTS | ||
| 650 | _aSTANDARD TERMS | ||
| 650 | _aUNFAIR TERMS | ||
| 650 | _aOFT | ||
| 690 | _aBUILT ENVIRONMENT-BUILDING CONTRACT FORMS | ||
| 942 | _n0 | ||
| 999 |
_c66566 _d66566 |
||
| 856 |
_uhttps://www.vlebooks.com/ _zView on VLEbooks. Logins for members only from [email protected] |
||